000 01090ngm a22002410a 4500
001 PT35342
003 AR-LpoUNG
005 20210202000443.0
007 vd cvaizq
008 191001s2000||||ag |||||||||||||||||spa d
040 _aAR-LpoUNG
_bspa
_cAR-LpoUNG
_eaacr
041 _aspa
044 _aag
082 0 _a302.5 562sex
100 1 _aShyamalan, M. Night,
_edir.
245 1 0 _aSexto sentido
260 _aBuenos Aires :
_bGativideo,
_c2000.
300 _aVHS (107 min.) : son., col.
520 _aEl Dr. Malcom Crowe es un conocido psicólogo infantil de Philadelphia obsesionado con el doloroso recuerdo de un joven paciente desequilibrado al que fue incapaz de ayudar. Cole Sear es un aterrorizado y confuso niño de 8 años que necesita tratamiento, y Crowe ve la oportunidad de redimirse haciendo todo lo posible por ayudarle. Sin embargo, el psicólogo infantil no está preparado para conocer la terrible verdad acerca del don sobrenatural de su paciente: recibe visitas no deseadas de espíritus atormentados.
653 _aVIDEOS
905 _a35342
942 _cVIDEO
999 _c54874
_d54874